000 00467nam a22001457a 4500
082 _a200
100 _aAkhtar, Awais
245 _aReal-Time Two-Wheel Vehicle Detection on Edge Devices /
_cAwais Akhtar
260 _aIslamabad :
_bSEECS, NUST,
_c2022.
300 _a59 p. ;
650 _aMS- Electrical Engineering
_923567
700 _aSupervisor Dr. Rehan Ahmed
_997186
856 _uhttp://10.250.8.41:8080/xmlui/handle/123456789/30127
942 _2ddc
_cSC
999 _c591344
_d591344